MDQL
is popping MORE tags! Check the
thread
!
Quizzes
Events
Quiz Creation
Community
Videos
Private Events
Remove Ads
Sign In
Join for FREE
Feedback
Dark Mode
Quiz Categories
Sports
Geography
Music
Movies
Television
Just For Fun
Miscellaneous
History
Literature
Language
Science
Gaming
Entertainment
Religion
Holiday
For Kids
Quiz Lab
Recent
Popular Today
Quiz Kudos Today
Editor Picks
Curator Picks
Quizzes by...
Day
Popularity
Type
Ratings
Length
Year
Community
Subscriptions
Recent Discussions
Orange Saloon
Badges
Playlists
Quests
Create
Leaderboards
Showdown
Live 5
Trivia Bingo
Activity
Puzzle Library
Sporcle Events
Private Events
Virtual Trivia
Globe League
Become a Host
Pub Owners
SporcleCon
Opinionation
Our Games
Videos
Blog
Mobile Apps
Partnerships
Remove Ads and Go Orange
Feedback
Just For Fun
Clickable
Get the Picture
Humor
Quick Pick
Word Ladder
Missing Word
Mixed Word
Blitz
Minefield
This or That
Alphabet
Color
Typing
Sporcle
Puzzle
Word Play
Follow That Line
Logic
Just For Fun
Clickable
Get the Picture
Humor
Quick Pick
Word Ladder
Missing Word
Mixed Word
Blitz
Minefield
This or That
Alphabet
Color
Typing
Sporcle
Puzzle
Word Play
Follow That Line
Logic
Random Quiz
Search Sporcle
×
Curator Pick
Curator Pick
Just For Fun
Mixed Word
Type in answers that appear in a list
Type in answers that appear in a list
Classic
Best Score? Go Orange.
Mixed Word: Geology Stats
Can you unscramble these geology terms?
By
VeritasUnae
5m
20 Questions
2,003 Plays
2,003 Plays
2,003 Plays
Comments
Comments
Give Quiz Kudos
Give Quiz Kudos
-
- Ratings
hide this ad
Replay
Link that replays current quiz
Next Quiz
Link to next quiz in quiz playlist
You Got
0%
They Got
Avg Score
31%
Avg Friend Score
Upgrade to see
Score Distribution
Jump to the score distribution portion of the page
Score
0/20
Timer
05:00
0
Plays Today
Scramble
Geology Term
% Correct
NOIR
IRON
95.5%
OJDRF
FJORD
83.7%
EATGA
AGATE
66.9%
TRACER
CRATER
58.9%
ONVACLO
VOLCANO
58.3%
LAMINER
MINERAL
49.9%
RAKQUETEAH
EARTHQUAKE
37.1%
FREQUAI
AQUIFER
23.8%
RAMPHOMETIC
METAMORPHIC
23.7%
TIDESMEARNY
SEDIMENTARY
21.1%
Scramble
Geology Term
% Correct
USINGOE
IGNEOUS
20.1%
ZOOINCEC
CENOZOIC
17.7%
ENOUGHSEER SAG
GREENHOUSE GAS
17.3%
AORTICAVIDITY
RADIOACTIVITY
16.7%
RAMPRICEBAN
PRECAMBRIAN
14.9%
NICEPETER
EPICENTER
11%
POSTIEO
ISOTOPE
7%
ROYLISHYDS
HYDROLYSIS
5.6%
MYSHRIMPPOOL
POLYMORPHISM
4.3%
ATOUCHPOINTIER
EUTROPHICATION
2.2%
Quiz Playlist
Details
Report
Send in Message
Add To Playlist
Classic:
Type in answers that appear in a list
Quiz Source
Last Updated: May 19, 2017
Curator Pick in
Geology
Quiz Scoreboard
CHALLENGE
Sign Up to Join the Scoreboard
Show All
Scores
Hide
Comments
May contain spoilers
Recently Published
1-10 Letter E Words III
by El_Dandy
Language
2m
Street Fighter Characters
by Artimus82
Gaming
60s
College Basketball Coaching Resumes
by pancakes188
Sports
9m
More to Explore
Quiz From the Vault
Featured Blog Post
Where Did the Easter Bunny Come From?
hide this ad
You Might Also Like...
Tags
Geology Quiz
Mixed Word Quiz
classic
Today's Top Quizzes in Just For Fun
Browse Just For Fun
hide this ad
Today's Top Quizzes in Mixed Word
Browse Mixed Word
Top Contributed Quizzes in Just For Fun
1
Name Just One - 10 to 1: Just For Fun
2
Killer Double Trees 224 - Colour Match-Up
3
Spring Typing Challenge
4
Crossword Whiteout! 49
5
Zeroing In: Just For Fun
6
Survivor Winners Logic Puzzle
7
Word Ladder: Ahoy Matey
8
Word Ladder: Wilderness Weapon
9
Kyle's 122nd Triple Trees
10
Clickable Animal Jokes #2
Explore More
Trending Topics
Marvel
NBA
Anime
Kpop
Harry Potter
Disney
Crossword
The Office
WWE
Soccer
Song
NFL
Puzzle
Country
Pokémon
hide this ad
More By:
VeritasUnae
Quiz
Plays
Rating
Category
Featured
Created
Mystery Math Media
76,903
4.34
Science
May 12, 2015
Quick Pick: 10 to 1 Harry Potter
47,747
4.57
Just For Fun
Jun 5, 2016
Quick Pick: 10 to 1 Science
42,650
4.56
Just For Fun
Jun 5, 2016
Anything But Mario
27,459
4.14
Gaming
May 24, 2016
Is It a Remake?
23,228
4.12
Movies
Aug 18, 2016
Go to Creator's Profile
Score Distribution
Quiz Creator Spotlight
VeritasUnae
Follow
Send a Message
Quizzes Created
-
Created Quiz Play Count
-
More By This Creator
Popular Quizzes Today
1
Find the US States - No Outlines Minefield
2
Find the Countries of Europe - No Outlines Minefield
3
The Countries of the World
4
Find the US States
5
Risky Map Clicking: Biggest States A-Z
6
US States
7
Popular People in 1961
8
Movies - When Are They Set?
More Just For Fun Quizzes
Missing Word: John Mellencamp
Published
Trending Quizzes
Risky Map Clicking: Least Populous States A-Z
1-10 Letter G Words
USA Borders Longest to Shortest
1-10 Letter F Words
Countries of the World: 200 Million BC
Recently Updated
Leaping Animals
pecheneg
Reality TV Shows (A-Z)
bhenderson79
Rickey Henderson's Hall of Fame Teammates
pecheneg
Champions League XIs: Arsenal
pecheneg
Quick Pick: Celebrities in WWE's Hall of Fame
aduchscher
A-Z Keypad Blitz II
pecheneg
Multiple Oscar Actors
pecheneg
Mystery Phrase Blitz: Oscar 'Best Actors'
pecheneg
F. Scott Fitzgerald Novels
LTH
Pick 3 Villains
ddd62291
Trending Topics
Disney
Kpop
Marvel
Harry Potter
NBA
Anime
Crossword
The Office
WWE
Soccer
Song
Country
NFL
Puzzle
Pokémon
Your Account Isn't Verified!
In order to create a playlist on Sporcle, you need to verify the email address you used during registration. Go to your
Sporcle Settings
to finish the process.
Report this User
Report this user for behavior that violates our
Community Guidelines
.
Details:
Send Report
Go to the Sporcle.com Mobile Site →
Comments